La España del sur /

Descripción de las regiones meridionales de España, escrita con objeto de proveer información geográfica e histórica a los turistas que deseen visitar dicha zona.

Guardado en:
Bibliografiske detaljer
Andre forfattere: Sermet, Jean (autor) (autor)
Format: Bog
Sprog:spansk
Udgivet: Barcelona, España : Juventud, 1956, c1956
Serier:(Los Bellos Países)
Fag:
Tags: Tilføj Tag
Ingen Tags, Vær først til at tagge denne postø!

MARC

LEADER 00000nam^a2200000^a^4500
001 000108321
005 20250521000000.0
009 20260310093642.229
037 |a Acervo ITESO - Biblioteca 
041 |a ESP 
082 |a 914.  |b BEL V. 3 
240 1 5 |a [Los bellos países] 
245 1 3 |a La España del sur /  |c J. Sermet. 
264 4 |a Barcelona, España :  |b Juventud,  |c 1956, c1956 
300 |a 360 p. 
336 |a texto  |b txt  |2 rdacontenido 
337 |a sin mediación  |b n  |2 rdamedio 
338 |a volumen  |b nc  |2 rdasoporte 
440 5 |a (Los Bellos Países) 
520 |a Descripción de las regiones meridionales de España, escrita con objeto de proveer información geográfica e histórica a los turistas que deseen visitar dicha zona. 
649 |a XX 
650 |a Andalucía, España -  |x Descripción 
650 |a Extremadura, España -  |x Descripción 
650 |a Murcia, España -  |x Descripción 
650 |a Turismo -  |z Andalucía, España 
650 |a Turismo -  |z Extremadura, España 
650 |a Turismo -  |z Murcia, España 
650 |a Turismo -  |z España 
700 |a Sermet, Jean  |e (autor) 
910 |a Fondo Jesús Rodríguez 
920 |a Impresos - Libros 
930 |a Fondos Especiales 
905 |a 113 
901 |a 0500044372  |b IT2  |c ESP  |u 20250521 
902 |a https://opac.biblio.iteso.mx/vufind/Record/000108321